[Event "Interzonal-15"]
[Site "Manila"]
[Date "1990.??.??"]
[Round "3"]
[White "Lobron, Eric"]
[Black "Stohl, Igor"]
[Result "0-1"]
[WhiteElo "2535"]
[BlackElo "2525"]
[Annotator "Stohl,I"]
[PlyCount "84"]
[EventDate "1990.06.29"]
[EventType "swiss"]
[EventRounds "13"]
[EventCountry "PHI"]
[SourceTitle "CBM 019"]
[Source "ChessBase"]
[SourceDate "1990.12.01"]
[SourceVersion "1"]
[SourceVersionDate "1990.12.01"]
[SourceQuality "1"]

1. d4 Nf6 2. c4 g6 3. Nc3 d5 4. cxd5 Nxd5 5. e4 Nxc3 6. bxc3 Bg7 7. Nf3 c5 8.
Rb1 O-O 9. Be2 Nc6 (9... cxd4) 10. d5 Bxc3+ $6 (10... Ne5 11. Nxe5 Bxe5 12. Qd2
b6 13. f4 Bg7 14. c4 e5 15. O-O exf4 16. Qxf4 Qe7 17. Bb2 Bd7 18. Bd3 Bxb2 19.
Rxb2 f6 $10 {Khalifman-H.Olafsson,New York 1990}) 11. Bd2 Bxd2+ 12. Qxd2 Na5
13. O-O $6 (13. h4 $1 Bg4 14. Ng5 Bxe2 15. Kxe2 h6 16. h5 $5 (16. Nf3 $13)
16... hxg5 17. hxg6 $146 {Kohlweyer-Stohl,Lugano 1986}) 13... Bg4 (13... b6 $5
14. e5 (14. Qh6 $6 f6 {/\e5}) 14... Bb7 15. Rbd1 e6 16. d6 f6 17. Qh6 Qd7 {
/\Ld5,Sc6=/+}) 14. h3 $5 {N} (14. e5 e6 $5 (14... Bxf3 15. Bxf3 Nc6 16. Qe3 Nd4
17. Rxb7 Qa5 18. e6 fxe6 19. Bg4 $14 {Petursson-Jansa,Biel izt 1985}) 15. d6
Nc6 16. Qe3 b6 $13) 14... Bxf3 15. Bxf3 b6 (15... e5 16. Qc3 Re8 17. Qxc5 b6
18. Qb4 Nb7 19. Be2 $36) (15... Nc6 16. Rxb7 Nd4 17. Rc1 Qd6 $13 {/\e6}) 16.
Qf4 (16. Qc3 $5 $146) (16. e5 $2 Nc6 17. d6 Qd7 $1 (17... Rc8 18. d7 Rc7 19.
Bxc6 Rxc6 20. Rbd1 $16) 18. Bxc6 (18. Rbd1 Rad8 $1 $15) 18... Qxc6 19. dxe7 (
19. d7 Rfd8 20. Rfd1 a6 {/\Ta7}) 19... Rfe8 20. Qd6 Rac8 (20... Qb7 $2 21. Qxc5
) 21. Rbd1 Qc7 $17) 16... Qd7 (16... f6 17. e5 (17. Bg4 e5 $3 (17... Qd6 $6 18.
Qh6 $13) 18. dxe6 Nc6 $17 {/\Sd4,De7,Tad8}) 17... fxe5 18. Qxe5 Qd6 19. Qc3
$146 {><Sa5}) 17. Rfe1 $1 (17. Bg4 $2 Qd6 18. e5 Qxd5 19. Bf3 Qxa2 20. Bxa8
Rxa8 $17) (17. e5 $6 Qf5 18. Qg3 Nc4 19. Rfe1 Nd2 20. Bg4 Qc2 21. Rbc1 Qxa2)
17... Rad8 (17... e6 18. d6 Nc6 19. e5 $146) (17... f6 $5 18. e5 (18. Bg4 $5)
18... fxe5 19. Qxe5 Nc4 20. Qc3 Rxf3 (20... Nd6 21. Bg4 Nf5 22. Re5 $146) 21.
gxf3 Nd6 $146 {/\Tf8,Sf5-d4}) 18. e5 (18. Rbd1 $5 Qa4 $5 (18... e6 $6 19. Bg4
Qe7 $8 20. d6 Qd7 21. e5 Nc6 22. h4 $1 $40) (18... f6 19. Bg4 e5 (19... Qd6 20.
Qh6 $40) 20. dxe6 Qe7 $13) 19. Qe5 Qd7 20. Qc3 $6 (20. Qf4 $10) 20... e6 21.
Bg4 Qe7 22. dxe6 fxe6 23. Qe5 Rde8 24. Rd6 Nc4 $1 (24... Rf6 25. Qg3 Nc4 26. e5
$1 $16) 25. Bxe6+ Rf7 26. Bxf7+ Qxf7 $17) 18... e6 (18... Qf5 19. Qh4 $36) (
18... f6 $6 19. d6 exd6 20. exf6 Qf7 21. Re7 Qxf6 22. Bd5+ Kh8 23. Qxf6+ Rxf6
24. Rxa7 $36 {><a5}) 19. Qf6 $2 (19. Rbd1 $2 exd5 20. Bxd5 Nc6 $1 21. Qf6 (21.
e6 fxe6 22. Bxe6+ Qxe6 23. Rxd8 Nxd8 $19) 21... Nd4 22. Bb3 b5 $17 {/\c4}) (19.
d6 Nc6 (19... f6 20. Rbd1 fxe5 21. Qxe5 Nc4 22. Qxe6+ Qxe6 23. Rxe6 $36) 20.
Bxc6 Qxc6 21. Rbd1 $5 (21. Qf6 Rd7 $8 22. h4 Qc8 23. h5 Qd8 24. Qf4 f6 25. hxg6
hxg6 26. Qg4 Qe8 $132) 21... c4 22. Rd4 $40) 19... exd5 20. Bg4 Qc6 21. e6 Rd6
$1 22. Qe7 (22. exf7+ Rxf7 23. Be6 Rxe6 $17) 22... Nb7 $1 (22... h5 $2 23. Bf5
$1 $13) (22... f5 $2 23. Bf3 Nb7 24. Re5 Nd8 25. Rd1 Re8 26. Qf6 $36) 23. exf7+
Rxf7 (23... Kg7 24. Qe5+ Rf6 (24... Kxf7 $2 25. Qe7+) 25. Be6 Nd6 26. Bxd5 Nxf7
27. Qe4 $15) 24. Be6 Rxe6 25. Rxe6 (25. Qxe6 Qxe6 26. Rxe6 Rd7 $17) 25... Rxe7
26. Rxc6 d4 27. Kf1 Kf7 $1 $17 28. Re1 (28. Rc8 $5) 28... Rd7 29. Ke2 Na5 30.
Rc8 Ke6 $1 $19 31. Kd3+ $138 (31. Kd1+ $32) 31... Kd5 32. f4 Nc6 33. a3 (33.
Rc1 Re7 $1) 33... c4+ 34. Kd2 b5 35. g4 a5 36. f5 gxf5 37. gxf5 b4 38. axb4 c3+
$138 (38... axb4) 39. Kc2 axb4 40. Re6 Ne5 41. Rb8 d3+ 42. Kb3 d2 {[43.Tb5 (43.
Kc2 Sc6 44.Tb5 Kc4) 43...Kd4 44.Tb4 Kd3-+] (I.Stohl)} 0-1

[Event "Olympiad-42"]
[Site "Baku"]
[Date "2016.09.11"]
[Round "9.1"]
[White "Le, Quang Liem"]
[Black "Durarbayli, Vasif"]
[Result "1-0"]
[WhiteElo "2723"]
[BlackElo "2612"]
[Annotator "Sumets,A"]
[PlyCount "111"]
[EventDate "2016.09.02"]
[EventType "team-swiss"]
[EventRounds "11"]
[EventCountry "AZE"]
[SourceTitle "CBM 175"]
[Source "ChessBase"]
[SourceDate "2016.11.10"]
[SourceVersion "1"]
[SourceVersionDate "2016.11.10"]
[SourceQuality "1"]
[WhiteTeam "Vietnam"]
[BlackTeam "Azerbaijan II"]
[WhiteTeamCountry "VIE"]
[BlackTeamCountry "AZE"]

1. d4 Nf6 2. c4 g6 3. Nc3 d5 4. cxd5 Nxd5 5. Bd2 Bg7 6. e4 Nxc3 7. Bxc3 O-O 8.
Qd2 c5 9. d5 e6 10. Bc4 {Black has to choose between 10...exd5 and 10...Bxc3.}
exd5 (10... Bxc3 11. bxc3 exd5 12. Bxd5 Nd7 (12... Qf6 $5 $146 {An interesting
novelty, it is a flexible setup, but I don't think that this is the strongest
move.} 13. Nf3 ({I believe that the strongest continuation is} 13. Ne2 $5 Nc6 (
13... Nd7 $5 14. O-O Nb6 15. c4 $14) 14. O-O Rd8 15. f4 Be6 16. f5 gxf5 17. Nf4
$40) 13... Nc6 14. O-O Bg4 15. Ng5 Rad8 16. h3 Be6 17. Rad1 h6 $6 (17... Rfe8
18. c4 b5 19. cxb5 Nb4 $11) 18. Nf3 Bxd5 19. exd5 Ne7 20. d6 Nc8 21. d7 $16 Nb6
22. Qxh6 Qxc3 23. Rd4 $1 Qxd4 24. Nxd4 cxd4 25. Re1 $2 (25. f4 $1 Rxd7 26. f5
$18) 25... Nxd7 26. Qg5 $2 (26. f4 Rfe8 27. Rxe8+ Rxe8 28. f5 $16) 26... Nb6
27. Rd1 Rd5 28. Qg3 Rfd8 $44 {Fridman,D (2627)-Tari,A (2532) Reykjavik ISL
2015 1/2 (41)}) 13. Nf3 Nf6 14. O-O Re8 (14... Nxd5 15. exd5 Qd6 16. Rfe1 Bf5 (
16... f6 17. c4 Bf5 (17... b5 $5 18. cxb5 Bb7 19. Rad1 Rad8 $14) 18. Qe3 (18.
a4 $14) 18... b5 19. cxb5 Qxd5 20. Rad1 Qxa2 21. Qxc5 Rac8 22. Qd4 $14 {
Troff,K (2532)-Naroditsky,D (2631) Riga 2015 1/2 (32)}) 17. c4 b6 18. Qh6 Qf6
19. Qf4 Kg7 20. Ne5 Rae8 21. Re3 Bc8 22. Qxf6+ Kxf6 23. Rae1 Kg7 24. Nc6 $6 (
24. f4 $1 f6 25. Nc6 $16) 24... Rxe3 25. Rxe3 Bd7 26. Nxa7 Ra8 27. Ra3 Kf6 28.
f3 Ke5 29. Kf2 f5 30. Ke3 g5 $44 {Moiseenko,A (2707)-Rodshtein,M (2671) St
Petersburg 2014 1-0 (54)}) (14... Bg4 15. Ng5 Qd7 (15... Kg7 16. h3 Be6 17. c4
Bxd5 18. exd5 Qd6 19. a4 Rfe8 20. Rfe1 h6 21. Nf3 $14 {Akobian,V (2622)-Sevian,
S (2531) Saint Louis 2015 1-0 (78)}) 16. h3 Be6 17. c4 Bxd5 18. exd5 b5 19. d6
bxc4 20. Rfd1 Rfe8 21. Rac1 {1/2 (21) Vinchev,S (2446)-Sethuraman,S ICCF 2015})
15. Rfe1 Bg4 $1 {This seems to be the strongest continuation, I believe that
Black can get an equal position.} 16. Ng5 Be6 17. c4 Bxd5 18. exd5 b5 19. cxb5
$146 ({In a correspondence game White played} 19. d6 {and didn't get anything
from the opening:} Qd7 20. cxb5 Qxb5 21. Rab1 Rxe1+ 22. Qxe1 Qd3 23. Rd1 Qc2
24. Rc1 {1/2 (24) Balutescu,M (2313)-Larsson,S (2337) ICCF 2014}) 19... Qxd5
20. Qxd5 Nxd5 21. Ne4 a6 22. bxa6 (22. Rad1 $4 Rxe4 23. Rxe4 Nc3 $19) 22...
Rxa6 $11 {Kasimdzhanov,R (2705)-Radjabov,T (2731) Tbilisi GEO 2015 1/2 (30)})
11. Bxd5 Nd7 12. Bxg7 ({Another continuation is} 12. Nf3 Nf6 $1 13. O-O Nxd5
14. exd5 Qd6 {I believe that White hasn't any advantage.} 15. Rfe1 (15. Bxg7
Kxg7 16. Qc3+ Kg8 17. Ne5 Re8 18. Rfe1 Qxd5 19. Rad1 Qxa2 20. Ra1 Qd5 $11 {
Hambleton,A (2480)-Hansen,E (2581) Ottawa 2013 1/2 (23)}) 15... f6 16. b4 b6
17. bxc5 bxc5 18. Rab1 Bf5 19. Rb7 Rf7 20. Rxf7 Kxf7 $11 {Ulibin,M (2531)
-Avrukh,B (2605) Biel 2012 0-1 (39)}) 12... Kxg7 13. Qc3+ $146 {This novelty
is quite interesting. White wants to obtain a better endgame.} (13. O-O-O Nf6 (
13... Nb6 $5 {might be recommended} 14. f3 Qf6 15. Ne2 Rd8 16. Nc3 Be6 $132)
14. Ne2 Nxd5 15. exd5 Bd7 16. h4 h5 17. f3 Qf6 $6 18. Ng3 Bf5 19. Qg5 Qxg5+ 20.
hxg5 Rfe8 21. Nxf5+ gxf5 22. Rxh5 $16 {Hammer,J (2652)-Kramer,J (2341)
Helsingor DEN 2016 1/2 (50)}) (13. h4 h5 ({But} 13... h6 {can't be recommended:
} 14. O-O-O Nb6 15. Qc3+ Qf6 16. Ne2 Qxc3+ 17. Nxc3 Rb8 18. f3 Bd7 19. h5 g5
20. Rd2 $14 {Hambleton,A (2468)-Poobalasingam,P (2211) Ascot 2013 1-0 (49)})
14. Nh3 Qf6 (14... Qxh4 {seems to be risky due to} 15. O-O-O Qf6 16. Nf4 Rh8
17. f3 $44) (14... Nb6 15. Nf4 Qf6 16. O-O-O Bd7 17. Bxb7 $1 Rab8 18. Nd5 $1 {
Black doesn't have enough compensation for the sacrificed pawn.} Nxd5 19. Bxd5
Rb6 20. Qc3 Qxc3+ 21. bxc3 Ba4 22. Rde1 Rfb8 23. Kd2 Rb2+ 24. Ke3 Rc2 25. Rc1
$16 {Anton Guijarro,D (2617)-Svane,R (2496) Caleta 2015 1-0 (43)}) 15. O-O Qxh4
16. Ng5 Nf6 17. Rfc1 (17. Rac1 $5 Nxd5 18. Qxd5 f6 (18... Bf5 $2 19. f4 $16)
19. Nf3 Qf4 20. Rxc5 Rf7 21. Rc3 {Black should level the game.}) 17... Nxd5 18.
Qxd5 Bf5 $1 19. Rxc5 Qxg5 20. exf5 Rac8 $11 {Hofstetter,D (2387)-Jasinski, M 
(2389) ICCF 2014 1/2 (26)}) (13. Ne2 Nb6 14. Nc3 Be6 15. O-O-O (15. Bxb7 $6
Qxd2+ 16. Kxd2 Rab8 17. Ba6 Bc4 $15) 15... Qf6 16. h4 Bxd5 17. Nxd5 (17. exd5
$6 Nc4 18. Qc2 Nd6 19. Kb1 Rfe8 $15) 17... Nxd5 18. exd5 Rad8 19. h5 Rd7 20.
Rh3 Rfd8 21. hxg6 fxg6 22. d6 Kg8 $11 {Tomashevsky,E (2701)-Kasimdzhanov,R 
(2706) Baku 2014 1/2 (44)}) 13... Qf6 14. Ne2 Qxc3+ {Black could have tried 14.
..Rb8, and it seems to me that he has good chances to equalise.} (14... Rb8 $5
15. O-O (15. O-O-O $6 {is a risky plan due to} b5 $1 16. Qg3 c4 17. Nf4 Kg8 18.
h4 Ne5 19. Qg5 Rb6 $15) (15. Qxf6+ Nxf6 {gives Black an extra tempo}) 15...
Qxc3 16. Nxc3 Nf6 17. Rfd1 Nxd5 18. exd5 (18. Rxd5 b6 19. f3 (19. Rad1 Be6 20.
R5d2 b5 {Black's chances are slightly better.}) 19... Be6 20. Rd6 Rfd8 $11)
18... Rd8 $11) 15. Nxc3 Nf6 $6 {This leads to a worse position. Black should
have preferred 15...Rb8.} (15... Rb8 16. O-O-O a6 ({or} 16... b5 $5 17. Nxb5
Rxb5 18. Bc6 Rb4 19. Bxd7 Bxd7 20. Rxd7 Rfb8 21. Rd2 Rxe4 {Black should make a
draw.})) 16. O-O-O Re8 17. f3 $14 Rb8 $6 {Now Black is in danger} ({Black
should have tried to defend a worse endgame after} 17... Nxd5 18. Rxd5 $1 b6
19. Rhd1 Be6 20. Rd6 Rab8 21. b3 $14) 18. Bc4 $1 a6 19. a4 $1 {White shouldn't
allow his opponent to play ...b5 and gain some space on the queenside.} Be6 20.
b3 Bxc4 {After this move White has an excellent structure on the queenside.
However, it is not easy to offer Black any advice.} (20... Red8 21. Rxd8 Rxd8
22. e5 Ne8 23. Bxe6 fxe6 24. Ne4 b6 25. Rd1 $1 {The resulting knight endgame
should be winning for White.}) 21. bxc4 Red8 22. Kc2 $6 {Liem doesn't want to
force events.} ({It would be even stronger to play} 22. Rxd8 $1 Rxd8 23. Kc2
Rd4 24. Rb1 $16) 22... Nd7 23. Kb3 Ne5 24. Rxd8 Rxd8 25. Nd5 $14 {It is
obvious that White has an advantage, but it is not clear how big it is.} Rb8 (
25... a5 $5 {This move doesn't look good but} 26. Kc3 Nc6 27. Rd1 h5 $13) 26.
Nb6 Rd8 27. Nd5 Rb8 28. Ra1 {Prophylaxis against ...b5.} b5 $6 ({The computer
still insists on 28...a5, a move which I would never make on the board.} 28...
a5 $5 {White's 2 pawns completely restrain the opponent's 3 pawns.} 29. Kc3 Nc6
30. Rd1 Rd8 (30... Nb4 31. Nb6 h5 32. Nd7 Rd8 33. Rd6 $16) 31. Rd2 f6 32. g4
Kf7 33. h4 $14) (28... h5 $5 {Black wants to trade pawns on the kingside.} 29.
Kc3 h4 30. f4 Nc6 31. Rb1 Re8 32. e5 $1 (32. Kd3 g5 $1 33. fxg5 Ne5+ $1 (33...
h3 34. gxh3 Rh8 35. Rxb7 Rxh3+ 36. Ke2 Rxh2+ 37. Kf3 Ra2 $14) 34. Kc3 h3 35.
gxh3 Rh8 36. Nf4 Rh4 37. Rf1 Ng6 $11) 32... Na5 (32... g5 $6 33. g3 hxg3 34.
hxg3 Na5 $16)) 29. cxb5 axb5 30. a5 $16 Nc6 31. a6 {The knight or the rook
should blockade the a6-pawn. Everyone knows that the knight is the best
blocker, but I haven't heard about a knight on a7.} Na7 {It seems to me that
31...Ra8 isn't better than 31...Na7.} (31... Ra8 32. Nc7 Nd4+ 33. Kc3 Ra7 34.
Ne8+ Kf8 35. Nd6 h5 36. Nc8 Ra8 37. a7 Rxc8 38. a8=Q Rxa8 39. Rxa8+ $16 {
White should win the endgame.}) (31... h5 32. a7 Ra8 33. Ra6 Nxa7 34. Nc7 $18)
32. e5 $6 {White's knight isn't protected anymore so Black's rook can
penetrate into White's camp.} ({Perhaps Liem could have tried} 32. g4 $5 Rd8 (
32... h6 33. h4) 33. g5 Rd6 34. f4 h6 35. h4 hxg5 (35... Rd8 36. Rc1 Rd6 37.
Rxc5 Rxa6 38. Nf6 hxg5 39. hxg5 Nc6 40. Kc3 $16) 36. hxg5 $16) 32... Rd8 33.
Nc3 Rd3 $6 {A serious mistake. Vasif should have centralised his king.} (33...
Kf8 34. Kc2 Ke7 {Black has very good chances to make a draw.} 35. Rb1 ({or} 35.
f4 b4 36. Ne4 Rd4 37. Nf6 Kd8 38. Ra5 Kc7 $1 39. Rxc5+ Kb6 $11) 35... Nc6 $1
36. Nxb5 Nb4+ 37. Kc3 Nxa6 $11) 34. Kc2 Re3 35. f4 (35. Rd1 $5 Rxe5 36. Rd7 Nc6
37. a7 Nxa7 38. Rxa7 Re1 39. Nxb5 Re2+ 40. Kd3 Rxg2 41. Nd6 Rxh2 42. Rxf7+ Kg8
43. Rc7 $16 {White has good chances to win the game.}) 35... b4 $5 (35... g5
36. Ra5 $1 gxf4 37. Nxb5 Nc6 (37... Nxb5 38. Rxb5 Ra3 39. Rb6 c4 40. Kb2 Ra4
41. Kc3 Kf8 42. Kd4 {seems to be winning for White.}) 38. a7 Nxa7 39. Rxa7 Rxe5
40. Kd3 Re3+ 41. Kd2 Re5 42. Ra1 $18) 36. Nd5 Re2+ 37. Kb3 Rd2 (37... Rxg2 38.
Rc1 Rxh2 39. Rxc5 Rh1 40. Rc7 Nb5 41. Rd7 $18) 38. Kc4 (38. Nf6 $1 Rd3+ 39. Ka4
b3 40. Rb1 c4 41. Ne8+ Kf8 42. Nd6 Rd4 43. Ka5 $18) 38... Rc2+ $1 39. Kb3 Rd2
40. Nb6 $2 {The wrong square for White's knight.} (40. Nf6 $1 $18) 40... Rd3+
41. Kb2 Rd2+ 42. Kb3 Rd3+ 43. Ka4 $1 h5 $6 ({The last chance to save the game
was} 43... Rd4 $1 44. Na8 $1 {the only move which gives White chances to win
the game.} (44. g3 b3+ 45. Ka3 $8 (45. Ka5 $4 Rb4 $19) 45... Rb4 46. Nd5 b2 47.
Rb1 Nb5+ 48. Ka2 Ra4+ 49. Kxb2 Rxa6 50. Rc1 Rc6 {Black is OK.}) 44... Rxf4 45.
Nc7 Rf2 46. Ne8+ Kf8 47. Nd6 f6 48. Ka5 fxe5 49. Ne4 Re2 50. Nxc5 Rc2 51. Kxb4
$16) 44. Nc4 $18 Rc3 45. Nd6 Rd3 (45... b3 46. Rb1 c4 47. Kb4 Rc2 48. Nxc4 Rxg2
49. Rxb3 Rxh2 50. Kc5 Ra2 51. Na3 $18) 46. g3 {Black's position is completely
lost.} f6 47. exf6+ Kxf6 48. Ne4+ Kf5 49. Nxc5 Rd2 50. Ka5 Nc8 51. Rc1 b3 52.
Nxb3 Ra2+ 53. Kb5 Nd6+ 54. Kb6 Rxh2 55. a7 Ra2 56. Na5 1-0

[Event "Harplinge"]
[Site "Harplinge"]
[Date "1998.08.19"]
[Round "5"]
[White "Sjodahl, Pontus"]
[Black "Sutovsky, Emil"]
[Result "0-1"]
[WhiteElo "2420"]
[BlackElo "2575"]
[Annotator "Sutovsky,E"]
[PlyCount "76"]
[EventDate "1998.08.15"]
[EventType "tourn"]
[EventRounds "9"]
[EventCountry "SWE"]
[EventCategory "12"]
[SourceTitle "CBM 067"]
[Source "ChessBase"]
[SourceDate "1998.11.30"]
[SourceVersion "2"]
[SourceVersionDate "1998.11.01"]
[SourceQuality "1"]

1. d4 Nf6 2. c4 g6 3. Nc3 d5 4. cxd5 Nxd5 5. Na4 Bf5 {Novelty!I played the ,,
normal'' 5...Bg7 vs. Victor Kortchnoi in the Zonal tournament in Dresden'98,
but didn't manage to equalize and lost rather quickly. So,this time,I opted
for the new set-up.} 6. Nc5 {The most natural move.Another possibility is 6.f3}
b6 7. e4 bxc5 8. exf5 gxf5 9. Nf3 {White plays logically.He has to finish his
development.Immidiate 9.dc doesn't give anything;e.g.} (9. dxc5 e6 10. Qd4 Rg8
11. Nf3 c6 {and black grabs ,,c5'' pawn.}) 9... e6 10. Bg5 {Interesting
desicion.White changes the bishops,sacrificing the pawn,but hopes to use the
weakened position of black's king; other possible move was 10.Ne5, but after
10...c6 black remains with an extra pawn,still white will have the certain
compensation.} Be7 11. Bxe7 Qxe7 12. Rc1 cxd4 13. Qxd4 O-O 14. Bc4 {Natural,
but probably,not the best move.The curious thing is,that both of the players
during the game considered this move to be the strongest,but... Probably,white
should play 14.Bb5!?,preventing Nb8-c6-d4 maneure;e.g.} (14. Bb5 Rd8 15. O-O a6
16. Ba4 Nb6 17. Qf4 Nxa4 18. Qxa4 {and white has good compensation for the
pawn,thanks to the numerous pawn weaknesses of his opponent.}) 14... c5 $1 15.
Qd2 Rd8 16. O-O Nc6 {Now it's clear,that black stands better.The knight goes
to d4,and white doesn't have sufficient compensation for the pawn.} 17. Rfe1
Qf6 18. Bf1 Nd4 19. Ne5 Rac8 20. Qa5 {Here,I realized,that if I will try to
protect everything with 20...Qe7,for example,my partner will get very big
activity. So,I decide that it's the time to transpose my material advantage to
something more serious,even if I need to sacrifice material myself.} Nf4 $1 {
Alore!The passive 20...Qe7 couldn't suit me:} (20... Qe7 21. Qa3 f6 22. Nd3 {
and white suddenly has very active pieces.}) 21. Rxc5 Rxc5 22. Qxc5 Rd5 23.
Qc8+ {Another possibility,that I had to calculating before makimg 20...Nf4,
was 23.Q:a7;let's take a look on it:} (23. Qxa7 Nfe2+ $1 24. Bxe2 Qxe5 $1 (
24... Nxe2+ $4 25. Kf1 $1 Qxe5 26. Qe3 $1 {and white holds the position.}) 25.
Kf1 Qxh2 26. f3 Nxe2 {and back is winning after} 27. Rxe2 Rd1+ 28. Kf2 Qg1+) (
23. Qc3 {loses to} Rxe5 $1 24. Qxd4 Rxe1 $1 25. Qxf6 Ne2+ 26. Kh1 Rxf1#) (23.
Qb4 Nc2 24. Qxf4 Nxe1 $17) 23... Kg7 {Only now white realized,that 24.Nd7
loses to Qe7!;so he decided to protect the knight on ,,e5 '' and to cover the ,
,b2'' pawn,what could be useful in the certain variations,but....} 24. Qb8 Nh3+
$1 25. gxh3 Rxe5 26. Rxe5 Qg5+ $3 {That is the point!!Black doesn't take the
rook!26..Nf3 would be much weaker;e.g.} (26... Nf3+ 27. Kg2 Nxe5 28. Be2 {
and white has a chanses to survive.}) 27. Bg2 Qc1+ 28. Re1 {Doesn't help;but
28.Bf1 loses quickly and very beautiful-let's take a look:} (28. Bf1 Nf3+ 29.
Kg2 Nh4+ 30. Kg1 Qg5+ 31. Kh1 Nf3 32. Bg2 Qc1+ {and mating!That was the point
of whole black's attack.Unfortunately,white preferred to loose in the less
romantic  way.}) 28... Qxe1+ 29. Bf1 f4 $1 {Cutting the white's queen from the
defence.} 30. Qd8 Nf3+ 31. Kg2 Qe4 32. Ba6 {Desperation.But,white hadn't not
any normal move.} Nd2+ 33. Kg1 Qe1+ 34. Kg2 f3+ 35. Kg3 Qe5+ 36. Kg4 Qf5+ 37.
Kh4 Qf4+ 38. Kh5 Ne4 0-1